Statistiken für Geographie nach Buchstabe - P

Klicken Sie hier um das Quiz zu spielen!

Allgemein

  • Dieses Quiz wurde 6.901 mal gespielt
  • Das Durchschnittsergebnis liegt bei 15 aus 24

Antwortstatistiken

HinweisAntwort% Korrekt
Hauptstadt FrankreichsParis
100%
Hauptstadt ChinasPeking
95%
Warschau ist seine HauptstadtPolen
94%
Sprache BrasiliensPortugiesisch
94%
Hauptstadt der Tschechischen RepublikPrag
92%
Währung des Vereinigten KönigreichesPfund
89%
Währung MexikosPeso
81%
Kanal, der den Atlantik mit dem
Pazifik verbindet
Panama
80%
Einer der US-StaatenPennsylvania
80%
Bergkette, welche Frankreich
von Spanien trennt
Pyrenäen
79%
Iran, früherPersien
75%
Römische Stadt, die durch den
Vesuv zerstört wurde
Pompeji
75%
Hauptstadt von Western AustraliaPerth
64%
Das Westjordanland und der GazastreifenPalästina
62%
Prominenter "circus" in LondonPiccadilly
57%
Der 51. US-Staat?Puerto Rico
49%
Größte Stadt in diesem StaatPhiladelphia
44%
Spanische Stadt des StierlaufesPamplona
43%
Region in Südargentinien und SüdchilePatagonien
43%
Berühmter Tempel auf der Athener AkropolisParthenon
26%
Kanadische Pommes mit
Bratensauce und Cheese curds
Poutine
21%
Fluss, der durch Washington, D.C. fließtPotomac
19%
Region in Ostpakistan und NordindienPunjab
17%
Meeresbucht, an welche Seattle grenztPuget Sound
8%

Verteilung der Resultate

Perzentil nach korrekt beantworteten Fragen

Anzahl Personen mit jedem Resultat

Ihre Resultats-Entwicklung

Sie haben dieses Quiz noch nicht gespielt